000 00238nam a22000857a 4500
008 161027b xxu||||| |||| 00| 0 eng d
100 _9968
_aDoshi,D.M.
245 _aGeneral Knowledge Update-VIII
260 _aNew Delhi
_bCordova Publications
_c2007
999 _c3627
_d3627